Combating poverty and inequality : (Record no. 232895)

000 -LEADER
fixed length control field 01235cam a2200313 a 4500
001 - CONTROL NUMBER
control field 16753176
003 - CONTROL NUMBER IDENTIFIER
control field Nust
005 - DATE AND TIME OF LATEST TRANSACTION
control field 20180117090024.0
008 - FIXED-LENGTH DATA ELEMENTS--GENERAL INFORMATION
fixed length control field 110427s2010 sz a b 000 0 eng
010 ## - LIBRARY OF CONGRESS CONTROL NUMBER
LC control number 2011397454
020 ## - INTERNATIONAL STANDARD BOOK NUMBER
International Standard Book Number 9789290850762
020 ## - INTERNATIONAL STANDARD BOOK NUMBER
International Standard Book Number 9290850760
040 ## - CATALOGING SOURCE
Original cataloging agency DLC
Transcribing agency DLC
042 ## - AUTHENTICATION CODE
Authentication code pcc
050 00 - LIBRARY OF CONGRESS CALL NUMBER
Classification number HC59.72.P6
Item number C65 2010
082 ## - DEWEY DECIMAL CLASSIFICATION NUMBER
Classification number 339.46091724
245 00 - TITLE STATEMENT
Title Combating poverty and inequality :
Remainder of title structural change, social policy and politics /
Statement of responsibility, etc. [Yusuf Bangura ... et al.].
260 ## - PUBLICATION, DISTRIBUTION, ETC.
Place of publication, distribution, etc. Geneva :
Name of publisher, distributor, etc. United Nations Research Institute for Social Development,
Date of publication, distribution, etc. c2010.
300 ## - PHYSICAL DESCRIPTION
Extent xiv, 360 p. :
Other physical details ill. ;
Dimensions 30 cm.
650 #0 - SUBJECT ADDED ENTRY--TOPICAL TERM
Topical term or geographic name entry element Poverty
General subdivision Government policy
Geographic subdivision Developing countries.
650 #0 - SUBJECT ADDED ENTRY--TOPICAL TERM
Topical term or geographic name entry element Equality
General subdivision Government policy
Geographic subdivision Developing countries.
651 #0 - SUBJECT ADDED ENTRY--GEOGRAPHIC NAME
Geographic name Developing countries
General subdivision Social policy.
700 1# - ADDED ENTRY--PERSONAL NAME
Personal name Bangura, Yusuf,
Dates associated with a name 1950-
906 ## - LOCAL DATA ELEMENT F, LDF (RLIN)
a 7
b cbc
c orignew
d 3
e ncip
f 20
g y-gencatlg
936 ## - OCLC/CONSER MISCELLANEOUS DATA (OCLC); PIECE USED FOR CATALOGING (pre-AACR2) (RLIN)
OCLC control number(s) of parallel record(s) (OCLC); Piece used for cataloging, PUC (RLIN) PR 665674361
942 ## - ADDED ENTRY ELEMENTS (KOHA)
Source of classification or shelving scheme
Koha item type Book
Holdings
Withdrawn status Lost status Source of classification or shelving scheme Damaged status Not for loan Collection code Permanent Location Current Location Shelving location Date acquired Total Checkouts Full call number Barcode Date last seen Date last checked out Price effective from Koha item type
            Central Library (CL) Central Library (CL) General Stacks 02/24/2017 1 339.46091724 YUS S3H-S-858 11/23/2017 10/24/2017 02/24/2017 Book
© 2023 Central Library, National University of Sciences and Technology. All Rights Reserved.